Hiện thực xã hội trong truyện Kiều của Nguyễn Du
Khái niệm về tác giả Nguyễn Du và tác phẩm truyện Kiều.
Wedi'i Gadw mewn:
| Prif Awdur: | |
|---|---|
| Awduron Eraill: | |
| Fformat: | Llyfr |
| Iaith: | Vietnamese |
| Cyhoeddwyd: |
Đại học Đà Nẵng
Trường Đại học Sư phạm
2008
|
| Cyfres: | Khóa luận tốt nghiệp Đại học. Chuyên ngành: Ngành Cử nhân Ngữ văn
|
| Pynciau: | |
| Tagiau: |
Ychwanegu Tag
Dim Tagiau, Byddwch y cyntaf i dagio'r cofnod hwn!
|
| Thư viện lưu trữ: | Mạng thư viện Đại học Đà Nẵng |
|---|
| LEADER | 01380nam a2200349 4500 | ||
|---|---|---|---|
| 001 | 000011015 | ||
| 003 | 7243 | ||
| 005 | 20120110080121.0 | ||
| 008 | 120110s2008 viesd | ||
| 041 | |a vie | ||
| 072 | |a Khóa luận tốt nghiệp | ||
| 082 | |a 895.9221 |b PH-T | ||
| 100 | 1 | |a Phạm, Thị Thêm | |
| 245 | 1 | |a Hiện thực xã hội trong truyện Kiều của Nguyễn Du |c Phạm, Thị Thêm | |
| 260 | |a Đại học Đà Nẵng |b Trường Đại học Sư phạm |c 2008 | ||
| 300 | |a 62 tr. |c 29 cm | ||
| 490 | |a Khóa luận tốt nghiệp Đại học. Chuyên ngành: Ngành Cử nhân Ngữ văn | ||
| 500 | |a Tài liệu tham khảo 61 tr.-62 tr. | ||
| 520 | |a Khái niệm về tác giả Nguyễn Du và tác phẩm truyện Kiều. | ||
| 653 | |a Khóa luận tốt nghiệp Đại học | ||
| 653 | |a Khoa Ngữ văn | ||
| 700 | 1 | |a Lê, An Vinh |c Th.S |e Hướng dẫn | |
| OWN | |a LSP | ||
| AVA | |a UDN50 |b LSP |d 895.9221 PH-T |e available |t Error 5001 Not defined in file expand_doc_bib_avail. |f 1 |g 0 |h N |i 0 |k 1 | ||
| 999 | |a From the UDN01 | ||
| AVA | |a UDN50 |b LSP |d 895.9221 PH-T |e available |t Error 5001 Not defined in file expand_doc_bib_avail. |f 1 |g 0 |h N |i 0 |k 1 | ||
| TYP | |a Monograph | ||
| TYP | |a Printed language | ||
| 980 | |a Mạng thư viện Đại học Đà Nẵng | ||